| 000 | 00443nam a22001697a 4500 | ||
|---|---|---|---|
| 003 | MPLRDC | ||
| 005 | 20220104144257.0 | ||
| 008 | 210129b ||||| |||| 00| 0 eng d | ||
| 082 | _a427.31 SSP 2000 v.6 | ||
| 100 | _a庄丁旺等编 | ||
| 245 |
_a2000 素食谱, 中西合璧 _c |
||
| 250 | _a初版 | ||
| 260 |
_a _b微妙企业有限公司 _c2000 |
||
| 300 | _b平 | ||
| 650 | _a蔬菜烹调法--素食 | ||
| 942 |
_cBK _o427.31 SSP 2000 v.6 |
||
| 999 |
_c48050 _d48040 |
||